[Event "IPCA Wch 19th"]
[Site "Ruzomberok"]
[Date "2019.07.04"]
[Round "7"]
[White "Engel, Katalin"]
[Black "Koerber, Antonin"]
[Result "1/2-1/2"]
[WhiteElo "1537"]
[BlackElo "1759"]
[PlyCount "26"]
[EventDate "2019.06.28"]
[EventType "swiss"]
[EventRounds "9"]
[EventCountry "SVK"]
[SourceTitle "CBM 191 Extra"]
[Source "ChessBase"]
[SourceDate "2019.09.30"]
[SourceVersion "1"]
[SourceVersionDate "2019.09.30"]
[SourceQuality "1"]

1. d4 e6 2. c4 c5 3. Nc3 cxd4 4. Qxd4 Nc6 5. Qd1 Bb4 6. Nf3 Nge7 7. Bf4 0-0 8. e3 Bxc3+ 9. bxc3 d5 10. c5 Qa5 11. Qc2 Qxc5 12. Bd3 h6 13. 0-0 Bd7 1/2-1/2

[Event "IPCA Wch 19th"]
[Site "Ruzomberok"]
[Date "2019.06.30"]
[Round "3"]
[White "Engel, Katalin"]
[Black "Sovietova, Kateryna"]
[Result "0-1"]
[WhiteElo "1537"]
[BlackElo "1279"]
[PlyCount "142"]
[EventDate "2019.06.28"]
[EventType "swiss"]
[EventRounds "9"]
[EventCountry "SVK"]
[SourceTitle "CBM 191 Extra"]
[Source "ChessBase"]
[SourceDate "2019.09.30"]
[SourceVersion "1"]
[SourceVersionDate "2019.09.30"]
[SourceQuality "1"]

1. d4 Nf6 2. c4 g6 3. Nc3 Bg7 4. Nf3 d6 5. Bg5 0-0 6. e4 b6 7. Be2 Bb7 8. d5 Nbd7 9. 0-0 Re8 10. Bd3 a5 11. a4 Nc5 12. Re1 Nfd7 13. Bc2 Ne5 14. Nd2 Qd7 15. Re3 e6 16. f4 f6 17. fxe5 fxg5 18. Nf3 Qe7 19. Qe1 g4 20. Nd2 Bxe5 21. Qe2 Bd4 22. Nf1 Bxe3+ 23. Qxe3 e5 24. Ng3 Rf8 25. Qe2 Rf4 26. Rf1 Rxf1+ 27. Nxf1 h5 28. Qe3 Kg7 29. Ne2 Rf8 30. Nfg3 Bc8 31. Qc3 Rf7 32. b4 axb4 33. Qxb4 Qf8 34. Qe1 Bd7 35. a5 bxa5 36. Qxa5 h4 37. Qd2 hxg3 38. Nxg3 Qe7 39. Qe2 Bc8 40. Qd2 Nd7 41. Bd1 Nf6 42. Qg5 Qf8 43. c5 dxc5 44. Qxe5 c4 45. Kf2 Qc5+ 46. Ke1 Kf8 47. Ne2 Qb4+ 48. Qc3 Qxc3+ 49. Nxc3 Re7 50. Bc2 Nh5 51. Kf2 Rf7+ 52. Ke3 Rf6 53. Kd4 Rf2 54. Ba4 Rxg2 55. Kxc4 Rxh2 56. e5 g3 57. d6 cxd6 58. exd6 g2 59. Ne2 Ba6+ 60. Bb5 Bc8 61. d7 Bxd7 62. Bxd7 Nf4 63. Nxf4 g1Q 64. Ne6+ Ke7 65. Nc5 Qc1+ 66. Kb5 Rb2+ 67. Kc6 Rc2 68. Kb6 Rxc5 69. Ba4 Rc8 70. Bb5 Qc7+ 71. Ka6 Ra8# 0-1

[Event "IPCA Wch 19th"]
[Site "Ruzomberok"]
[Date "2019.06.28"]
[Round "1"]
[White "Engel, Katalin"]
[Black "Wielecki, Zygmunt"]
[Result "0-1"]
[WhiteElo "1537"]
[BlackElo "2145"]
[PlyCount "60"]
[EventDate "2019.06.28"]
[EventType "swiss"]
[EventRounds "9"]
[EventCountry "SVK"]
[SourceTitle "CBM 191 Extra"]
[Source "ChessBase"]
[SourceDate "2019.09.30"]
[SourceVersion "1"]
[SourceVersionDate "2019.09.30"]
[SourceQuality "1"]

1. d4 Nf6 2. c4 g6 3. Nc3 Bg7 4. Nf3 d6 5. e3 0-0 6. Be2 Nbd7 7. 0-0 e5 8. Rb1 e4 9. Nd2 Re8 10. Qc2 Qe7 11. b4 Nf8 12. d5 Bf5 13. b5 h5 14. a4 N8h7 15. Nb3 Ng5 16. Nd4 Ng4 17. Nxf5 gxf5 18. Bb2 Be5 19. Bxg4 hxg4 20. Ne2 Bxh2+ 21. Kxh2 Nf3+ 22. gxf3 Qh4+ 23. Kg1 gxf3 24. Nf4 Kh7 25. Qc3 Rg8+ 26. Qg7+ Rxg7+ 27. Bxg7 Rg8 28. Rfc1 Rxg7+ 29. Ng2 Rxg2+ 30. Kf1 Qh1# 0-1